00314pab a2200121 454500008004000000100001600040245004500056260000900101300001600110362001100126650002100137773003400158180718b2007 xxu||||| |||| 00| 0 eng d aMisra, P.K. aBackward castes census: an outmoded idea c2007 ap.2245-247. a16 Jun aBackward classes aEconomic and Political Weekly